000 00534nam a2200193Ia 4500
005 20250508160122.0
008 008 250505s9999 xx 000 0 eng d
037 _aTextual
040 _aFEDL
_beng
_cFEDL
041 _aeng
_2eng
084 _a301.42, PET
_qFEDL
100 _aPeterson James A.
_9767963
245 0 _aEducation for marriage
260 _aNew York, USA
_bCharles Scribner's Sons
_c1956
300 _axxiii,429p.
650 _aSociology
942 _cTEXL
_h301.42, PET
999 _c1361882
_d1361882